Vận dụng khoa nhân tướng học trong ứng xử và quản lý kinh doanh

Nội dung sách hệ thống hóa những kiến thức về nhân tướng học á đông từ xưa đến nay: cung cấp những hiểu biết, kinh nghiệm, sở đoản, sở trường cho những ai ham tìm tòi hiểu biết về các loại nhân diện, pháp tướng, lý tướng và ứng...

Ful tanımlama

Kaydedildi:
Detaylı Bibliyografya
Yazar: Việt Chương
Materyal Türü: Kitap
Dil:Undetermined
Baskı/Yayın Bilgisi: Hà Nội Văn hóa Thông tin 1998
Konular:
Etiketler: Etiketle
Etiket eklenmemiş, İlk siz ekleyin!
Thư viện lưu trữ: Trung tâm Học liệu Trường Đại học Cần Thơ
LEADER 01149nam a2200205Ia 4500
001 CTU_101094
008 210402s9999 xx 000 0 und d
020 |c 33000 
082 |a 158.1 
082 |b V308 
100 |a Việt Chương 
245 0 |a Vận dụng khoa nhân tướng học trong ứng xử và quản lý kinh doanh 
245 0 |c Việt Chương (Biên soạn) 
260 |a Hà Nội 
260 |b Văn hóa Thông tin 
260 |c 1998 
520 |a Nội dung sách hệ thống hóa những kiến thức về nhân tướng học á đông từ xưa đến nay: cung cấp những hiểu biết, kinh nghiệm, sở đoản, sở trường cho những ai ham tìm tòi hiểu biết về các loại nhân diện, pháp tướng, lý tướng và ứng dụng của nhân tướng học trong việc quản lý, kinh doanh và trong muôn mặt đời thường của cuộc sống. 
650 |a Physionomy,Psychology, applied 
904 |i M.Loan 
980 |a Trung tâm Học liệu Trường Đại học Cần Thơ